Movies Quiz

Random Movies or Actor Quiz

Who are they? 10 Quiz Stats

 Plays Quiz not verified by Sporcle

Score 0/5 Timer 02:00
0 Plays Today
% Correct
Daniel Radcliffe
94.9%
Alan Rickman
87.5%
Rupert Grint
83.9%
Harry Potter and the Goblet of Fire
62.1%
Mike Newell
33.2%

You're not logged in!

Compare scores with friends on all Sporcle quizzes.
OR
Log In

Show Comments

Extras

Top Quizzes Today


Score Distribution

Your Account Isn't Verified!

In order to create a playlist on Sporcle, you need to verify the email address you used during registration. Go to your Sporcle Settings to finish the process.

Report this User

Report this user for behavior that violates our Community Guidelines.

Details: